Cleveland Cavaliers 2025-2026 Roster - Statistics

General Stats
  • This quiz has been taken 51 times
    42 since last reset
  • The average score is 12 of 17
Answer Stats
Jersey # Pos Answer % Correct
45 G Donovan Mitchell
100%
4 C Evan Mobley
100%
1 G James Harden
100%
31 C Jarrett Allen
94%
32 F-C Dean Wade
82%
8 G Dennis Schroder
82%
14 G Keon Ellis
82%
5 G Sam Merrill
82%
20 G-F Jaylon Tyson
76%
2 G-F Max Strus
76%
24 G Tyrese Proctor
71%
3 C-F Thomas Bryant
65%
9 G Craig Porter Jr
59%
35 F Nae'Qwan Tomlin
59%
22 F-C Larry Nance Jr
53%
21 F Tristan Enaruna
29%
15 F Emmanuel Miller
12%
No matching quizzes found
Score Distribution
Percent of People with Each Score
Percentile by Number Answered
Your Score History
You have not taken this quiz since the last reset